• 首页
  • 本馆介绍
  • 公告通知
  • 最新文献
  • 馆藏检索
  • 电子资源
  • 读者荐购
  • 参考咨询
  • CALIS
  • 我的图书馆
  • 登录
  • 详细信息显示
  • 放入我的书架
  • 预约/预借图书
  • 作者相关作品
  • 分类相关作品
  • 丛书相关作品
  • 出版社相关作品

书目信息

  • 表格格式
  • 工作单格式
  • 卡片格式
题名:
计算机组装与故障维修
    
 
作者: 李绍中 主编 ;CEAC信息化培训认证管理办公室 组编
分册:  
出版信息: 北京   高等教育出版社  2006.01
页数: 314页
开本: 26cm
丛书名:
单 册:
中图分类: TP36
科图分类:
主题词: 微型计算机--wei xing ji suan ji--维修--高等教育--教材 , 微型计算机--wei xing ji suan ji--组装--高等教育--教材
电子资源:
ISBN: 7-04-018435-4
 
 
 
 
 
000 01137nam0 2200277 450
001 012006023791
005 20060921165536.62
010    @a7-04-018435-4@dCNY30.20
100    @a20060707d2006 km y0chiy0120 ea
101 0  @achi
102    @aCN@b110000
105    @ay a 000yy
200 1  @a计算机组装与故障维修@Aji suan ji zu zhuang yu gu zhang wei xiu@f李绍中主编@Fli shao zhong zhu bian
210    @a北京@c高等教育出版社@d2006.01
215    @a314页@d26cm
300    @a高等职业教育电子信息类专业"双证课程"培养方案配套教材国家信息化计算机教育认证CEAC认证教材
314    @aCEAC信息化培训认证管理办公室组编
320    @a有书目。
330    @a本书内容有:微机系统概述、微机的硬件基础及选购、微机的硬件组装与CMOS设置、微机的软件安装、微机系统性能测试与优化等。
606 0  @a微型计算机@Awei xing ji suan ji@x维修@x高等教育@j教材
606 0  @a微型计算机@Awei xing ji suan ji@x组装@x高等教育@j教材
690    @aTP36@v4
701  0 @a李绍中@Ali shao zhong@4主编
712 02 @aCEAC信息化培训认证管理办公室@ACEAC xin xi hua pei xun ren zheng guan li ban gong shi@4组编
801  0 @aCN@bQSSK@c20060921
905    @apdsgxy@dTP36@eL259
    
    计算机组装与故障维修/李绍中主编.-北京:高等教育出版社,2006.01
    314页;26cm
    高等职业教育电子信息类专业"双证课程"培养方案配套教材国家信息化计算机教育认证CEAC认证教材
    
    ISBN 7-04-018435-4:CNY30.20
    本书内容有:微机系统概述、微机的硬件基础及选购、微机的硬件组装与CMOS设置、微机的软件安装、微机系统性能测试与优化等。
●
相关链接 在E读中查询图书 在当当中查询图书 在豆瓣中查询图书


正题名:计算机组装与故障维修     索取号:TP36/L259         预约/预借

序号 登录号 条形码 馆藏地/架位号 状态 备注
1 594575   205945753   自科库301/301自科库 92排1列1层/ [索取号:TP36/L259] 在馆    
2 594576   205945762   自科库301/301自科库 92排1列1层/ [索取号:TP36/L259] 在馆    
3 594577   205945771   自科库301/301自科库 85排2列5层/ [索取号:TP36/L259] 在馆    
河南城建学院图书馆 欢迎您!
大连网信软件有限公司© 版权所有